Statistics for Superhero Nicknames

Click here to take the quiz!

General Stats

  • This quiz has been taken 54,068 times
  • The average score is 11 of 16

Answer Stats

NicknameSuperhero% Correct
Man of SteelSuperman
99%
Caped CrusaderBatman
93%
WebslingerSpider-Man
92%
Star-Spangled AvengerCaptain America
91%
Green GoliathHulk
89%
Clown Prince of CrimeThe Joker
87%
Boy WonderRobin
83%
The Scarlet SpeedsterThe Flash
75%
Feline FataleCatwoman
73%
The Amazing AmazonWonder Woman
73%
Emerald CrusaderGreen Lantern
71%
King of the Seven SeasAquaman
68%
Emerald ArcherThe Green Arrow
57%
The Man Without FearDaredevil
32%
Sentinel of the SpacewaysThe Silver Surfer
26%
ShellheadIron Man
23%

Score Distribution

Percentile by Number Answered

Percent of People with Each Score

Your Score History

You have not taken this quiz